000 00669nam a2200265Ia 4500
005 20260121161407.0
008 008 260114s9999 xx 000 0 eng d
020 _a9781003391296
037 _aEBOOK
040 _aCRL
040 _beng
040 _cCRL
041 _2eng
041 _aeng
084 _qCRL
100 _aTeaching Black Speculative Fiction
_91044067
245 0 _aKaaVonia Hinton; Karen Michele Chandler
260 _bTaylor and Francis
260 _c2024
650 _aBilingualism / ESL
_91044068
856 _uhttp://www.taylorfrancis.com/books/9781003391296
942 _cEBOOK
999 _c1610440
_d1610440